Исторически новели (Запис номер 50805)
[ съкратено ]
| 000 -Лидер | |
|---|---|
| Контролно поле с фиксирана дължина | 01518nam a2200385 c 4500 |
| 003 - Код на организацията, давaща контролен номер | |
| Контролно поле | BLK |
| 005 - Дата и час на последна редакция | |
| Контролно поле | 20231111143625.0 |
| 008 - Елементи от данни с фиксирана дължина | |
| fixed length control field | 180408b bul|||||r ||||||| ||bul|| |
| 010 ## - Наследен системен номер | |
| LC control number | KNG00054687000 |
| 040 ## - Източник на каталожния запис | |
| Идентификатор на билиотеката - собственик на записа | BLK |
| 041 ## - Код за език | |
| Код за езика на текст/звукозапис или на отделно заглавие | Български |
| Код за езика КДБФ | Български |
| 080 ## - УДК | |
| Текстов определител УДК | История на Гърция (до 323 г. н. е.). Древна Гърция |
| УДК код - определител по УДК | 94(38) |
| УДК - код + определител | 94(38) |
| 080 ## - УДК | |
| Текстов определител УДК | Класическа гръцка литература. Старогръцка литература |
| УДК код - определител по УДК | 821.142 |
| УДК определител | -32 |
| УДК - код + определител | 821.142-32 |
| 100 1# - Редна дума - Автор | |
| Автор | Херодот |
| Авторска отговорност | първи автор |
| R(LIN) | 136859 |
| 139 ## - Редно поле | |
| Редна дума | Херодот |
| Авторски знак | Хер - Х 43 |
| 245 10 - Сведения за заглавието | |
| Заглавие | Исторически новели |
| Редно поле (дума) | Херодот; прев. от старогр. Доротей Гетов. |
| 257 ## - Страна на издаване | |
| Страна на създаване/издаване | Древна Гърция |
| 260 ## - Област на издателските данни | |
| Име на издателя, разпространителя и проч. | Нар. култура |
| Година на издаване | 1982 |
| Място на издаване, разпространение и проч. | София |
| 300 ## - Физическа характеристика | |
| Страници | 151 с. |
| Илюстрации и др. | с к. |
| Размери/Мащаб | 20 см |
| 380 ## - Жанр | |
| Жанр | Худож. лит. |
| 490 1# - СЕРИИ (Колекции) | |
| Име на серия | Библиотека за антична литература Хермес |
| 500 ## - Общи забележки | |
| Забележка | Прев. е направен от англ. изд. Historiae, 1976. - 40 125 тир. |
| 650 #4 - Допълнително описание по предмет – тема | |
| Основно описание – тема или топоним | Древна Гърция - история |
| 9 (RLIN) | 244549 |
| 653 ## - Ключова дума – ненормативна | |
| Ключова дума | Древна Гърция |
| 653 ## - Ключова дума – ненормативна | |
| Ключова дума | история |
| 700 1# - Други автори (авторска отговорност) | |
| Лично име | Гетов, Доротей |
| Автороска отговорност (Описва отношението между автора и произведението) | прев. от старогр. |
| 9 (RLIN) | 283466 |
| 852 ## - Местоположение | |
| Форматна сигнатура | Цб 117109 |
| Фондова буква | Хранилище |
| 856 4# - Електронен адрес и достъп | |
| Електронен формат | pdf - файл |
| 856 4# - Електронен адрес и достъп | |
| Електронен формат | pdf - файл |
| 999 ## - СИСТЕМНИ КОНТРОЛНИ НОМЕРА | |
| Koha biblionumber | 50805 |
| Koha biblioitemnumber | 50805 |
| 942 ## - АРТИКУЛИ | |
| Вид на библиотечния материал | Книги |
| Скрит в OPAC | Не |
| Koha issues (borrowed), all copies | 5 |
| Периодичен библиозапис | Да |
| 944 ## - СЪЗДАВАНЕ И РЕДАКЦИЯ на ЗАПИСА | |
| Създаване/Редакция | Създаване |
| Дата на регистрацията/редакция | 13.07.2005 |
| Служител, извършил регистрацията/редакцията | 30530 |
| Статус, дата на статуса | Минев Младен |
| 944 ## - СЪЗДАВАНЕ И РЕДАКЦИЯ на ЗАПИСА | |
| Създаване/Редакция | Редакция |
| Дата на регистрацията/редакция | 07.02.2018 |
| 944 ## - СЪЗДАВАНЕ И РЕДАКЦИЯ на ЗАПИСА | |
| Създаване/Редакция | Редакция |
| Дата на регистрацията/редакция | 2022-04-27 |
| 999 ## - СИСТЕМНИ КОНТРОЛНИ НОМЕРА | |
| Koha biblioitemnumber | 50805 |
| Код за отписване | Код за изгубен артикул | Източник на класификационната схема | Код за повреда | Коз за рестрикции | Код за отдаване | Артикулен № | Име на библиотеката - собственик | Име на библиотеката, в която се намира в момента | Статус (Текущо местоположение) | Дата на вписване в системата | Местоположение - отдел | Цена в лева | Инвентарен номер | Систематично азбучна сигнатура | Баркод | Номер на екземпляра | Цена в евро | Служебна бележка | Служебен тип на артикула |
|---|---|---|---|---|---|---|---|---|---|---|---|---|---|---|---|---|---|---|---|
| Не е изгубен | Universal Decimal Classification | Не е повреден | без рестрикции | заемане за дома | 79565 | Регионална библиотека "Любен Каравелов" Русе | Регионална библиотека "Любен Каравелов" Русе | Дубликат | 2005-07-13 | Заемна - подръчен фонд | 2.90 | 362777 | П 94(3)/Х 43 | 120000362777 | 1 | 1.48 | Дост: DA Вид: А N: 19 Дата: 13.07.2005 Дата инв: 07.02.2018 Бележки инв: П2018 | Книги | |
| Не е изгубен | Universal Decimal Classification | Не е повреден | без рестрикции | заемане за дома | 79566 | Регионална библиотека "Любен Каравелов" Русе | Регионална библиотека "Любен Каравелов" Русе | Заемна - подръчен фонд | 2005-07-13 | Заемна - подръчен фонд | 2.90 | 362778 | П 94(3)/Х 43 | 120000362778 | 2 | 1.48 | Дост: DA Вид: А N: 19 Дата: 13.07.2005 Дата инв: 08.03.2018 Бележки инв: П2018 | Книги | |
| Изтеглен | Не е изгубен | Universal Decimal Classification | Не е повреден | без рестрикции | заемане за дома | 79567 | Регионална библиотека "Любен Каравелов" Русе | Регионална библиотека "Любен Каравелов" Русе | Заемна - подръчен фонд | 2005-07-13 | Заемна - подръчен фонд | 2.90 | 362780 | П 931/939/Х 43 | 362780 | 3 | 1.48 | Дост: DA Вид: А N: 19 Дата: 13.07.2005 | Книги |
| Изтеглен | Не е изгубен | Universal Decimal Classification | Не е повреден | без рестрикции | заемане за дома | 79568 | Регионална библиотека "Любен Каравелов" Русе | Регионална библиотека "Любен Каравелов" Русе | Заемна - подръчен фонд | 2005-07-13 | Заемна - подръчен фонд | 2.90 | 362783 | П 931/939/Х 43 | 362783 | 4 | 1.48 | Дост: DA Вид: А N: 19 Дата: 13.07.2005 Дата инв: 16.02.2018 Бележки инв: П2018 | Книги |
| Не е изгубен | Universal Decimal Classification | Не е повреден | без рестрикции | заемане за дома | 79569 | Регионална библиотека "Любен Каравелов" Русе | Регионална библиотека "Любен Каравелов" Русе | Заемна - подръчен фонд | 2005-07-13 | Заемна - подръчен фонд | 0.01 | 623660 | 94(3)/Х 43 | 120000623660 | 5 | 0.01 | Дост: DA Вид: А N: 19 Дата: 13.07.2005 Дата инв: 19.02.2018 Бележки инв: П2018 | Книги | |
| Не е изгубен | Universal Decimal Classification | Не е повреден | без рестрикции | ползва се в читалня | 79570 | Регионална библиотека "Любен Каравелов" Русе | Регионална библиотека "Любен Каравелов" Русе | Хранилище | 1982-01-01 | Хранилище | 0.90 | 361430 | Цб 117109 | 120000361430 | 6 | 0.46 | Дост: Dp Вид: Сф Дата: 01.01.1982 | Книги |